000 00666nam a2200229Ia 4500
003 OSt
005 20220918220123.0
006 a|||||r|||| 00| 0
007 ta
008 220917b |||||||| |||| 00| 0 eng d
024 _a144,581
037 _cTextual
040 _aARTS
_cARTS
_beng
041 _2eng
_aeng
082 _aY172:3X.6137, J8(906)
100 _aWatson William
_9109763
245 0 _aTribal cohension in a money economy
_b A study of the Mambew poeple of Northern Rhodesia
260 _aNA
_bNA
_c1958
650 _aSOCIOLOGY
942 _hY172:3X.6137, J8(906)
_cTEXL
_2CC
999 _c267488
_d267488